000 00759nam a2200253Ia 4500
003 OSt
005 20220918223012.0
006 a|||||r|||| 00| 0
007 ta
008 220917b |||||||| |||| 00| 0 eng d
024 _a219,776
037 _cTextual
040 _aARTS
_cARTS
_beng
041 _2eng
_aeng
082 _aV6133:51.P, P3
100 _aDarnolf Staffan Ed.
_9144586
245 0 _aTwenty years of Independence in Zimbabwe
_b from liberation to authoritarianism.
260 _aNew York
_bPalgrave macmillan
_c2003
300 _axviii,245p.
_ccm.
650 _aHISTORY
700 _a Laakso Liisa Ed.
_922227
942 _hV6133:51.P, P3
_cTEXL
_2CC
999 _c277087
_d277087